• 首页
  • 本馆介绍
  • 公告通知
  • 最新文献
  • 馆藏检索
  • 电子资源
  • 读者荐购
  • 参考咨询
  • CALIS
  • 我的图书馆
  • 登录
  • 详细信息显示
  • 放入我的书架
  • 预约/预借图书
  • 作者相关作品
  • 分类相关作品
  • 丛书相关作品
  • 出版社相关作品

书目信息

  • 表格格式
  • 工作单格式
  • 卡片格式
题名:
方志学论集
    
 
作者: 仓修良 著
分册:  
出版信息: 北京   商务印书馆  2024.12
页数: 419页
开本: 24cm
丛书名:
单 册:
中图分类: K290-53
科图分类:
主题词: 方志学--文集
电子资源:
ISBN: 978-7-100-24396-4
 
 
 
 
 
000 01119nam0 2200253 450
001 01051153
005 20251022202101.61
010    @a978-7-100-24396-4@dCNY160.00
100    @a20250227d2024 em y0chiy0120 ea
101 0  @achi
102    @aCN@b110000
105    @aa z 000yy
106    @ar
200 1  @a方志学论集@9fang zhi xue lun ji@f仓修良著
210    @a北京@c商务印书馆@d2024.12
215    @a419页@c彩照@d24cm
300    @a仓修良文集 第八卷
314    @a仓修良 (1933-2021),浙江大学历史系教授,曾任中国历史文献研究会名誉会长、学术委员会主任委员,中国地方志学会学术委员,浙江省地方志学会副会长,华中师范大学历史文献研究所、华东师范大学中国史学研究所、宁波大学、温州大学兼职教授等。毕生致力于中国史学史、历史文献学、方志学、谱牒学等方面的教学和研究。
330    @a本书收录了仓修良先生关于方志学的相关论文,包括《编修方志是中华民族文化中一个优良的传统》《地方志与区域史研究》《论方志的起源》《再论方志的起源》《地记与图经》等。
606 0  @a方志学@j文集
690    @aK290-53@v5
701  0 @a仓修良@9cang xiu liang@f(1933-2021)@4著
801  0 @aCN@c20250908
905    @a河南城建学院图书馆@dK290@eC092@ZC092@f1
    
    方志学论集/仓修良著.-北京:商务印书馆,2024.12
    419页:彩照;24cm
    仓修良文集 第八卷
    
    ISBN 978-7-100-24396-4:CNY160.00
    本书收录了仓修良先生关于方志学的相关论文,包括《编修方志是中华民族文化中一个优良的传统》《地方志与区域史研究》《论方志的起源》《再论方志的起源》《地记与图经》等。
●
相关链接 在E读中查询图书 在当当中查询图书 在豆瓣中查询图书


正题名:方志学论集     索取号:K290/C092         预约/预借

序号 登录号 条形码 馆藏地/架位号 状态 备注
1 1631748   216317484   社科库309/309社科库 38排2列4层/ [索取号:K290/C092] 在馆    
河南城建学院图书馆 欢迎您!
大连网信软件有限公司© 版权所有